| 000 | 01195nam a2200337 i 4500 | ||
|---|---|---|---|
| 001 | 000038458 | ||
| 003 | DO-SdBNP | ||
| 005 | 20260304111110.0 | ||
| 006 | a||||gr|||| 00| 0 | ||
| 007 | ta | ||
| 008 | 130411s1980 dr ac 000 0 spa d | ||
| 040 |
_aDO-SdBNP _bspa _cBNPHU _erda |
||
| 082 | 4 |
_a362.1 _bB737e _222 |
|
| 100 | 1 |
_aBorroto, Rafael, _964799 _eautor |
|
| 245 | 1 | 0 |
_aExtensión de cobertura y atención primaria / _cRafael Borroto, María del Carmen Troncoso. |
| 264 | 1 |
_aSanto Domingo : _bSESPAS, _c1980. |
|
| 300 |
_a92 páginas : _bilustraciones, retratos ; _c22 cm. |
||
| 336 |
_2rdacontent _atexto _btxt |
||
| 337 |
_2rdamedia _asin mediación _bn |
||
| 338 |
_2rdacarrier _avolumen _bnc |
||
| 490 | 1 | _aSalud y Comunidad | |
| 590 | _aInventariado,2023 / MF | ||
| 650 | 0 |
_aAtención primaria de salud _920167 |
|
| 650 | 0 |
_aServicios de salud para la comunidad _92336 |
|
| 650 | 0 |
_aAtención médica integral _964800 |
|
| 650 | 0 |
_aSeguros de salud _964801 |
|
| 700 | 1 |
_aTroncoso, María del Carmen, _964802 _eautor |
|
| 710 |
_aRepública Dominicana. _bSecretaria de Salud Pública y Asistencia Social _91405 |
||
| 910 | _aValidado. Control de calidad EMS | ||
| 942 |
_2ddc _cLBS1 |
||
| 999 |
_c37948 _d37948 |
||